LEADER 01730oam 2200493M 450 001 9910716196303321 005 20200213070857.3 035 $a(CKB)5470000002518148 035 $a(OCoLC)1065582612 035 $a(OCoLC)995470000002518148 035 $a(EXLCZ)995470000002518148 100 $a20071213d1926 ua 0 101 0 $aeng 135 $aurcn||||||||| 181 $ctxt$2rdacontent 182 $cc$2rdamedia 183 $acr$2rdacarrier 200 10$aReimbursing the State of Montana for expenses incurred in suppressing forest fires. February 17, 1926. -- Ordered to be printed 210 1$a[Washington, D.C.] :$c[U.S. Government Printing Office],$d1926. 215 $a1 online resource (2 pages) 225 1 $aSenate report / 69th Congress, 1st session. Senate ;$vno. 190 225 1 $a[United States congressional serial set ] ;$v[serial no. 8524] 300 $aBatch processed record: Metadata reviewed, not verified. Some fields updated by batch processes. 300 $aFDLP item number not assigned. 606 $aFederal aid 606 $aFire extinction 606 $aForest fires 606 $aPublic lands 608 $aLegislative materials.$2lcgft 615 0$aFederal aid. 615 0$aFire extinction. 615 0$aForest fires. 615 0$aPublic lands. 701 $aCapper$b Arthur$f1865-1951$pRepublican (KS)$01386839 801 0$bWYU 801 1$bWYU 801 2$bOCLCO 801 2$bOCLCQ 801 2$bOCLCO 801 2$bOCLCQ 906 $aBOOK 912 $a9910716196303321 996 $aReimbursing the State of Montana for expenses incurred in suppressing forest fires. February 17, 1926. -- Ordered to be printed$93505370 997 $aUNINA LEADER 03903oam 2200661zu 450 001 9910140115003321 005 20210807001105.0 010 $a9782753530126 010 $a2753530122 024 7 $a10.4000/books.pur.6318 035 $a(CKB)2560000000352000 035 $a(SSID)ssj0001539011 035 $a(PQKBManifestationID)11860750 035 $a(PQKBTitleCode)TC0001539011 035 $a(PQKBWorkID)11529004 035 $a(PQKB)10864570 035 $a(WaSeSS)IndRDA00044864 035 $a(FrMaCLE)OB-pur-6318 035 $a(oapen)https://directory.doabooks.org/handle/20.500.12854/50806 035 $a(PPN)26795414X 035 $a(FR-PaCSA)88924829 035 $a(FRCYB88924829)88924829 035 $a(oapen)doab50806 035 $a(EXLCZ)992560000000352000 100 $a20160829d2007 uy 101 0 $afre 135 $aur||||||||||| 181 $ctxt 182 $cc 183 $acr 200 10$aJean Longuet : un internationaliste à l'épreuve de l'histoire 210 $cPresses universitaires de Rennes$d2007 210 31$a[Place of publication not identified]$cPresses universitaires de Rennes$d2007 215 $a1 online resource (368 pages) 225 1 $aHistoire 300 $aBibliographic Level Mode of Issuance: Monograph 311 08$a9782753503748 311 08$a2753503745 320 $aIncludes bibliographical references and index. 330 $aPetit-fils de Karl Marx, fils de Charles Longuet, communard proudhonien et ami de Clemenceau, neveu de Paul et Laura Lafargue, filleul laïque de Friedrich Engels, Jean Longuet est mêlé dès son plus jeune âge à la vie de la gauche politique et intellectuelle française comme à celle du socialisme international. Il côtoie Guesde, Jaurès, Blum, mais aussi Kautsky et les autres responsables de la social-démocratie, les socialistes russes, les travaillistes britanniques et les militants américains, ainsi que les nationalistes marocains ou syriens, entre autres? Journaliste, avocat, militant, responsable de la politique internationale de la SFIO, il est confronté aux principaux drames du xxe siècle : la guerre, la révolution, les dictatures. Ses références sont celles de Marx, mais vues et comprises comme s?intégrant à la tradition socialiste française, à l?image de l?effort accompli par Jaurès pour définir les principes et la politique d?un socialisme adapté aux conditions del?époque. À la tête d?un courant qui se veut à la fois pacifiste, patriote et internationaliste pendant la Grande Guerre, fondateur du Populaire, homme de l?unité socialiste et de la reconstruction, il est récusé par Lénine et les bolcheviks et ne peut empêcher la scission de Tours (1920). Député, maire de Châtenay-Malabry et conseiller général, il n?est pas pour autant un notable ordinaire. Il reste hostile à la domination coloniale et favorable à une politique de fermeté face aux puissances fascistes. « Le seul internationaliste de la SFIO » selon le propos moqueur d?un contradicteur ? En tout cas, un militant qui cherche à « penser internationalement » et à inventer la pratique politique du socialisme en démocratie et en république. 410 0$aCollection "Histoire" (Rennes, France) 606 $aPolitical Science$2HILCC 606 $aLaw, Politics & Government$2HILCC 606 $aSocialism, Communism & Anarchism$2HILCC 610 $agauche politique 610 $abiographie 610 $ahomme politique 610 $asocialisme 610 $ainternationalisme 615 7$aPolitical Science 615 7$aLaw, Politics & Government 615 7$aSocialism, Communism & Anarchism 700 $aGilles$b Candar$0916675 801 0$bPQKB 906 $aBOOK 912 $a9910140115003321 996 $aJean Longuet : un internationaliste à l'épreuve de l'histoire$92055071 997 $aUNINA LEADER 01390nas 2200445-a 450 001 9910132911003321 005 20260218110101.0 035 $a(CKB)110978977740657 035 $a(CONSER)---90644484- 035 $a(DE-599)ZDB2216727-4 035 $a(DE-599)2216727-4 035 $a(EXLCZ)99110978977740657 100 $a19840709a19829999 --- a 101 0 $adut 135 $aurcn||||||||| 181 $ctxt$2rdacontent 182 $cc$2rdamedia 183 $acr$2rdacarrier 200 00$aCaert-Thresoor 210 $aAlphen aan den Rijn $cCaert-Thresoor$d1982- 215 $a1 online resource 300 $aTitle from cover. 311 08$aPrint version: Caert-Thresoor. 0167-4994 (DLC) 90644484 (OCoLC)10929936 531 $aCAERT THRESOOR TIJDSCHRIFT VOOR DE GESCHIEDENIS VAN KARTOGRAFIE IN NEDERLAND 606 $aCartography$zNetherlands$xHistory$vPeriodicals 606 $aCartography$xHistory$vPeriodicals 606 $aCartography$2fast$3(OCoLC)fst00848025 606 $aCartografie$2gtt 607 $aNetherlands$2fast 608 $aHistory.$2fast 608 $aPeriodicals.$2fast 615 0$aCartography$xHistory 615 0$aCartography$xHistory 615 7$aCartography. 615 17$aCartografie. 906 $aJOURNAL 912 $a9910132911003321 920 $aexl_impl conversion 996 $aCaert-Thresoor$92074844 997 $aUNINA